<?xml version="1.0" encoding="UTF-8"?>
<record
    xmlns:xsi="http://www.w3.org/2001/XMLSchema-instance"
    xsi:schemaLocation="http://www.loc.gov/MARC21/slim http://www.loc.gov/standards/marcxml/schema/MARC21slim.xsd"
    xmlns="http://www.loc.gov/MARC21/slim">

  <leader>00215nam a22000857a 4500</leader>
  <controlfield tag="001">1235957</controlfield>
  <controlfield tag="005">20251001113020.0</controlfield>
  <datafield tag="245" ind1=" " ind2=" ">
    <subfield code="a">&#xC7;AL&#xC7;ENE PEL&#x130;N SIRLAR &#xC7;&#xD6;Z&#xDC;L&#xDC;YOR</subfield>
    <subfield code="c">YASEM&#x130;N DERYA AKA</subfield>
  </datafield>
  <datafield tag="260" ind1=" " ind2=" ">
    <subfield code="b">&#xC7;OCUK GEZEGEN&#x130;</subfield>
  </datafield>
  <datafield tag="999" ind1=" " ind2=" ">
    <subfield code="c">1235957</subfield>
    <subfield code="d">1235957</subfield>
  </datafield>
  <datafield tag="952" ind1=" " ind2=" ">
    <subfield code="0">0</subfield>
    <subfield code="1">0</subfield>
    <subfield code="2">ddc</subfield>
    <subfield code="4">0</subfield>
    <subfield code="7">0</subfield>
    <subfield code="a">1028</subfield>
    <subfield code="b">1028</subfield>
    <subfield code="d">2025-10-01</subfield>
    <subfield code="l">4</subfield>
    <subfield code="p">10287425</subfield>
    <subfield code="r">2026-04-10 09:59:11</subfield>
    <subfield code="s">2026-02-13</subfield>
    <subfield code="w">2025-10-01</subfield>
    <subfield code="y">BK</subfield>
  </datafield>
</record>
